| 000 | 00741nam a2200229 a 4500 | ||
|---|---|---|---|
| 999 |
_c3200 _d3200 |
||
| 001 | 3200 | ||
| 003 | BD-JhCC | ||
| 005 | 20171112095925.0 | ||
| 008 | 171111s1985 b ||||| |||| 00| 0 b d | ||
| 035 | _a(BD-JhCC) | ||
| 040 |
_aBD-JhCC _dBD-JhCC |
||
| 041 | _aben | ||
| 082 |
_a307.1412 _bHAI 1985 |
||
| 100 | _aহাই, আবদুল, হাসনাত | ||
| 245 |
_aপল্লী উন্নয়ন / _cহাসনাত আবদুল হাই |
||
| 260 |
_aঢাকা : _bবাংলা একাডেমী, _c১৯৮৫ |
||
| 300 |
_a110 p. : _c20cm. |
||
| 490 | _aSeries in honour of the Martyrs of the Language Movement of February 1952. | ||
| 650 | _aRural Development | ||
| 942 |
_2ddc _cBK |
||